000 00434cam a2200169ua 4500
020 _a0 85334 925 8
041 _aeng
_h
082 _a628.3
_bBAR/SU
100 _aBartlett, Ronald E .
245 _aSurface water sewage /
_cRonald E Bartlett.
_hTextual Documents
250 _a2 /
_b.
260 _aLondon :
_bApplied Science Publishers Ltd ,
_c1981.
300 _a147 ; .
504 _a
942 _cBK
999 _c7483
_d7483